000
00230nam a22000857a 4500
008
161215b xxu||||| |||| 00| 0 eng d
100
_9
2060
_a
Khan,S.H. et al
245
_a
Our country India -IV (E.V.S)
260
_a
NEW DELHI
_b
NCERT
_c
2001
999
_c
4931
_d
4931